Bzukot školních zahrad : od tereziánských reforem po současnost /

Hlavní autor: Šimek, Jan
Jazyk: Čeština
Vydáno: Praha : Národní pedagogické muzeum a knihovna J.A. Komenského, 2025
Témata:
Fyzický popis: 167 stran : ilustrace (některé barevné), portréty, plány, faksimile ; 26 cm
Language note: Anglické resumé
Knihy
Uloženo v:
LEADER 02069nam a2200553 i 4500
001 nkc20253703458
003 CZ PrNK
005 20260512140400.0
007 ta
008 250826s2025 xr acehf 000 0 cze
015 |a cnb003703458 
020 |a 978-80-86935-67-6  |q (brožováno) 
035 |a (OCoLC)1559933230 
040 |a ABA001  |b cze  |d BOA001  |e rda 
041 0 |a cze  |b eng 
043 |a e-xr--- 
045 |a v7y2 
072 7 |a 373.2/.3  |x Předškolní a primární výchova a vzdělávání  |2 Konspekt  |9 22 
080 |a 633/635.047:37.091.6  |2 MRF 
080 |a 373.3  |2 MRF 
080 |a 37.09  |2 MRF 
080 |a (437.3)  |2 MRF 
080 |a (048.8)  |2 MRF 
100 1 |a Šimek, Jan  |7 jo2016934673  |4 aut 
245 1 0 |a Bzukot školních zahrad :  |b od tereziánských reforem po současnost /  |c Jan Šimek 
264 1 |a Praha :  |b Národní pedagogické muzeum a knihovna J.A. Komenského,  |c 2025 
300 |a 167 stran :  |b ilustrace (některé barevné), portréty, plány, faksimile ;  |c 26 cm 
336 |a text  |b txt  |2 rdacontent 
337 |a bez média  |b n  |2 rdamedia 
338 |a svazek  |b nc  |2 rdacarrier 
500 |a 1000 výtisků 
500 |a Chronologický přehled 
504 |a Obsahuje bibliografii a bibliografické odkazy 
546 |a Anglické resumé 
648 4 |a 1774-2025 
648 7 |a 18.-21. století  |7 ch757020  |2 czenas 
650 0 7 |a školní zahrady  |7 ph807220  |z Česko  |y 18.-21. století  |2 czenas 
650 0 7 |a základní školy  |7 ph116795  |z Česko  |y 18.-21. století  |2 czenas 
650 0 7 |a školství  |7 ph116829  |z Česko  |y 18.-21. století  |2 czenas 
650 0 9 |a school gardens  |z Czechia  |y 18th-21st centuries  |2 eczenas 
650 0 9 |a elementary schools  |z Czechia  |y 18th-21st centuries  |2 eczenas 
650 0 9 |a education  |z Czechia  |y 18th-21st centuries  |2 eczenas 
655 7 |a monografie  |7 fd132842  |2 czenas 
655 9 |a monographs  |2 eczenas 
910 2 |a BOA001  |b 3-1552.361 
990 |a BK 
995 |a 01 
991 |b 202510  |c NOV 
996 6 |b 2611016218  |c 3-1552.361  |l MZK  |r Sklad / do 1 hodiny  |n 1  |p p.v.  |w 002022558  |u 000010  |a 1  |e BOA001  |j MZK50  |s P